000
00222nam a22000857a 4500
008
160718b xxu||||| |||| 00| 0 eng d
100
_9
3033
_a
Husain A
245
_a
Managing Stress
260
_a
New Delhi
_b
Friends Publication
_c
2003
999
_c
2596
_d
2596